| 000 | 00650nam a22002177a 4500 | ||
|---|---|---|---|
| 003 | OSt | ||
| 005 | 20210928033045.0 | ||
| 008 | 170206b xxu||||| |||| 00| 0 eng d | ||
| 010 | _a | ||
| 020 | _a0521837855 | ||
| 020 | _a0521546850 (pbk.) | ||
| 040 |
_aMMU _cMMU _dMMU _beng |
||
| 050 | 0 | 0 |
_aDT21 _b.I44 2005 |
| 100 | 1 | _aIliffe, John. | |
| 245 | 1 | 0 |
_aHonour in African history / _cJohn Iliffe. |
| 260 |
_aNew York : _bCambridge University Press, _c2005. |
||
| 300 |
_axxiv, 404 p. : _bill., maps ; _c24 cm. |
||
| 500 | _aIncludes bibliographical references (p. 371-392) and index. | ||
| 650 | 0 |
_aHonor _zAfrica _xHistory. |
|
| 942 |
_2lcc _cLOAN LOAN |
||
| 999 |
_c22050 _d22050 |
||